[Event "Deutsche Ländermeisterschaft 2023"]
[Site "Hannover GER"]
[Date "2023.10.04"]
[Round "6"]
[White "Laux, Dominik"]
[Black "Knüdel, Torben"]
[Result "0-1"]
[Termination "normal"]
[Board "3.2"]
[WhiteTitle "FM"]
[WhiteElo "2281"]
[BlackElo "2275"]
[WhiteClock "00:01:42"]
[BlackClock "00:29:53"]
[WhiteTeam "Hessen"]
[BlackTeam "Niedersachsen"]
[PlyCount "82"]
[WhiteFideId "12994219"]
[BlackFideId "16208820"]
[EventCountry "GER"]
[EventRounds "7"]
[EventType "team-swiss"]
[EventDate "2023.09.30"]

1. e4 {[%clk 01:30:39]} {[%emt 00:00:20]} e5 {[%clk 01:30:53]} {[%emt
00:00:06]} 2. Nf3 {[%clk 01:31:01]} {[%emt 00:00:08]} Nc6 {[%clk 01:31:18]}
{[%emt 00:00:05]} 3. Bc4 {[%clk 01:31:18]} {[%emt 00:00:13]} Nf6 {[%clk
01:31:31]} {[%emt 00:00:17]} 4. d3 {[%clk 01:31:27]} {[%emt 00:00:21]} Bc5
{[%clk 01:31:54]} {[%emt 00:00:06]} 5. c3 {[%clk 01:31:06]} {[%emt 00:00:53]}
a6 {[%clk 01:31:32]} {[%emt 00:00:52]} 6. a4 {[%clk 01:31:21]} {[%emt
00:00:15]} Ba7 {[%clk 01:31:55]} {[%emt 00:00:07]} 7. O-O {[%clk 01:31:38]}
{[%emt 00:00:12]} d6 {[%clk 01:31:47]} {[%emt 00:00:38]} 8. Re1 {[%clk
01:31:34]} {[%emt 00:00:34]} O-O {[%clk 01:25:31]} {[%emt 00:06:46]} 9. h3
{[%clk 01:31:49]} {[%emt 00:00:14]} h6 {[%clk 01:18:21]} {[%emt 00:07:41]} 10.
Nbd2 {[%clk 01:31:32]} {[%emt 00:00:47]} Ne7 {[%clk 01:16:37]} {[%emt
00:02:14]} 11. d4 {[%clk 01:27:41]} {[%emt 00:04:22]} Ng6 {[%clk 01:15:49]}
{[%emt 00:01:17]} 12. Bb3 {[%clk 01:27:15]} {[%emt 00:00:57]} Re8 {[%clk
01:13:12]} {[%emt 00:03:06]} 13. Bc2 {[%clk 01:27:36]} {[%emt 00:00:09]} Be6
{[%clk 01:06:04]} {[%emt 00:07:38]} 14. Nf1 {[%clk 01:26:31]} {[%emt 00:01:35]}
Nh5 {[%clk 00:50:07]} {[%emt 00:16:27]} 15. Ne3 {[%clk 01:13:31]} {[%emt
00:13:30]} Nhf4 {[%clk 00:47:15]} {[%emt 00:03:22]} 16. Nf5 {[%clk 01:10:04]}
{[%emt 00:03:57]} Qf6 {[%clk 00:40:12]} {[%emt 00:07:33]} 17. Be3 {[%clk
01:05:30]} {[%emt 00:05:05]} Rad8 {[%clk 00:36:26]} {[%emt 00:04:16]} 18. Qc1
{[%clk 00:59:47]} {[%emt 00:06:13]} Bb8 {[%clk 00:36:17]} {[%emt 00:00:39]} 19.
Kh2 {[%clk 00:44:56]} {[%emt 00:15:21]} c6 {[%clk 00:36:22]} {[%emt 00:00:26]}
20. g3 {[%clk 00:40:56]} {[%emt 00:04:30]} Bxf5 {[%clk 00:24:18]} {[%emt
00:12:33]} 21. exf5 {[%clk 00:38:34]} {[%emt 00:02:52]} Nd5 {[%clk 00:22:41]}
{[%emt 00:02:07]} 22. fxg6 {[%clk 00:31:23]} {[%emt 00:07:41]} Qxf3 {[%clk
00:23:04]} {[%emt 00:00:07]} 23. gxf7+ {[%clk 00:31:45]} {[%emt 00:00:08]} Qxf7
{[%clk 00:23:07]} {[%emt 00:00:26]} 24. Bb3 {[%clk 00:30:25]} {[%emt 00:01:50]}
Kh8 {[%clk 00:20:40]} {[%emt 00:02:58]} 25. Qd1 {[%clk 00:23:09]} {[%emt
00:07:46]} Rf8 {[%clk 00:19:16]} {[%emt 00:01:54]} 26. Bxd5 {[%clk 00:15:56]}
{[%emt 00:07:43]} Qxd5 {[%clk 00:18:51]} {[%emt 00:00:55]} 27. dxe5 {[%clk
00:15:42]} {[%emt 00:00:45]} dxe5 {[%clk 00:18:08]} {[%emt 00:01:12]} 28. Qg4
{[%clk 00:13:30]} {[%emt 00:02:41]} Qd7 {[%clk 00:14:04]} {[%emt 00:04:35]} 29.
Qh4 {[%clk 00:11:48]} {[%emt 00:02:13]} Qe6 {[%clk 00:12:02]} {[%emt 00:02:32]}
30. Rad1 {[%clk 00:09:21]} {[%emt 00:02:56]} Rd5 {[%clk 00:09:47]} {[%emt
00:02:45]} 31. Qb4 {[%clk 00:07:25]} {[%emt 00:02:26]} Rf7 {[%clk 00:08:46]}
{[%emt 00:01:31]} 32. c4 {[%clk 00:06:40]} {[%emt 00:01:15]} Rxd1 {[%clk
00:08:03]} {[%emt 00:01:13]} 33. Rxd1 {[%clk 00:07:09]} {[%emt 00:00:01]} Kh7
{[%clk 00:07:49]} {[%emt 00:00:44]} 34. Qb3 {[%clk 00:01:15]} {[%emt 00:06:25]}
e4 {[%clk 00:07:15]} {[%emt 00:01:04]} 35. Kg2 {[%clk 00:01:17]} {[%emt
00:00:27]} Qf5 {[%clk 00:05:09]} {[%emt 00:02:36]} 36. Bb6 {[%clk 00:01:07]}
{[%emt 00:00:41]} Bc7 {[%clk 00:04:56]} {[%emt 00:00:43]} 37. Bxc7 {[%clk
00:01:13]} {[%emt 00:00:23]} Qxf2+ {[%clk 00:04:45]} {[%emt 00:00:40]} 38. Kh1
{[%clk 00:01:40]} {[%emt 00:00:04]} Rxc7 {[%clk 00:04:34]} {[%emt 00:00:42]}
39. Qc3 {[%clk 00:01:18]} {[%emt 00:00:51]} Rf7 {[%clk 00:04:22]} {[%emt
00:00:41]} 40. Qd4 {[%clk 00:01:17]} {[%emt 00:00:32]} Qf3+ {[%clk 00:04:26]}
{[%emt 00:00:24]} 41. Kh2 {[%clk 00:01:42]} {[%emt 00:00:06]} Qe2+ {[%clk
00:29:53]} {[%emt 00:05:03]} 0-1

[Event "Deutsche Ländermeisterschaft 2023"]
[Site "Hannover GER"]
[Date "2023.10.04"]
[Round "6"]
[White "von Mettenheim, Johannes"]
[Black "Lesny, Florian"]
[Result "1-0"]
[Termination "normal"]
[Board "3.3"]
[WhiteElo "2323"]
[BlackElo "2222"]
[WhiteClock "00:11:39"]
[BlackClock "00:15:29"]
[WhiteTeam "Niedersachsen"]
[BlackTeam "Hessen"]
[PlyCount "127"]
[WhiteFideId "16244818"]
[BlackFideId "12973874"]
[EventCountry "GER"]
[EventRounds "7"]
[EventType "team-swiss"]
[EventDate "2023.09.30"]

1. d4 {[%clk 01:30:59]} d5 {[%clk 01:30:50]} {[%emt 00:00:10]} 2. c4 {[%clk
01:31:17]} {[%emt 00:00:12]} e6 {[%clk 01:31:10]} {[%emt 00:00:10]} 3. Nf3
{[%clk 01:31:15]} {[%emt 00:00:32]} Nf6 {[%clk 01:31:30]} {[%emt 00:00:10]} 4.
cxd5 {[%clk 01:31:31]} {[%emt 00:00:14]} exd5 {[%clk 01:31:46]} {[%emt
00:00:14]} 5. Nc3 {[%clk 01:31:55]} {[%emt 00:00:06]} a6 {[%clk 01:25:51]}
{[%emt 00:06:25]} 6. Bf4 {[%clk 01:31:51]} {[%emt 00:00:34]} Bd6 {[%clk
01:24:19]} {[%emt 00:02:01]} 7. Bxd6 {[%clk 01:32:14]} {[%emt 00:00:08]} Qxd6
{[%clk 01:24:30]} {[%emt 00:00:19]} 8. e3 {[%clk 01:32:38]} {[%emt 00:00:06]}
Bf5 {[%clk 01:21:50]} {[%emt 00:03:10]} 9. Nh4 {[%clk 01:33:02]} {[%emt
00:00:06]} Be6 {[%clk 01:17:57]} {[%emt 00:04:23]} 10. Bd3 {[%clk 01:32:51]}
{[%emt 00:00:42]} O-O {[%clk 01:12:17]} {[%emt 00:06:10]} 11. O-O {[%clk
01:32:22]} {[%emt 00:00:58]} Re8 {[%clk 01:05:43]} {[%emt 00:07:04]} 12. h3
{[%clk 01:31:25]} {[%emt 00:01:28]} Nbd7 {[%clk 01:02:45]} {[%emt 00:03:28]}
13. Nf3 {[%clk 01:26:24]} {[%emt 00:05:32]} h6 {[%clk 01:02:11]} {[%emt
00:01:05]} 14. Qc2 {[%clk 01:24:06]} {[%emt 00:02:47]} c6 {[%clk 00:59:49]}
{[%emt 00:02:49]} 15. Rab1 {[%clk 01:18:37]} {[%emt 00:06:01]} a5 {[%clk
00:54:42]} {[%emt 00:05:37]} 16. Rbc1 {[%clk 01:16:10]} {[%emt 00:02:58]} Qe7
{[%clk 00:45:46]} {[%emt 00:09:26]} 17. Kh1 {[%clk 00:48:56]} {[%emt 00:27:43]}
Rad8 {[%clk 00:40:37]} {[%emt 00:05:38]} 18. Rg1 {[%clk 00:48:16]} {[%emt
00:01:11]} Kh8 {[%clk 00:39:07]} {[%emt 00:02:00]} 19. g4 {[%clk 00:45:01]}
{[%emt 00:03:44]} Rc8 {[%clk 00:30:45]} {[%emt 00:08:52]} 20. Qa4 {[%clk
00:41:00]} {[%emt 00:04:32]} Qb4 {[%clk 00:29:04]} {[%emt 00:02:09]} 21. Qb3
{[%clk 00:35:14]} {[%emt 00:06:17]} Rcd8 {[%clk 00:19:19]} {[%emt 00:10:14]}
22. Bb1 {[%clk 00:31:53]} {[%emt 00:03:52]} Qxb3 {[%clk 00:17:19]} {[%emt
00:02:30]} 23. axb3 {[%clk 00:30:03]} {[%emt 00:02:19]} g5 {[%clk 00:13:26]}
{[%emt 00:04:23]} 24. Nd2 {[%clk 00:29:22]} {[%emt 00:01:10]} Rg8 {[%clk
00:12:44]} {[%emt 00:01:14]} 25. f4 {[%clk 00:27:31]} {[%emt 00:02:21]} Nb6
{[%clk 00:12:14]} {[%emt 00:01:00]} 26. Nf3 {[%clk 00:26:13]} {[%emt 00:01:49]}
Nc8 {[%clk 00:10:50]} {[%emt 00:01:54]} 27. Rgf1 {[%clk 00:17:54]} {[%emt
00:08:48]} Ne8 {[%clk 00:08:49]} {[%emt 00:02:30]} 28. Na4 {[%clk 00:17:22]}
{[%emt 00:01:01]} Ncd6 {[%clk 00:08:52]} {[%emt 00:00:28]} 29. Rc5 {[%clk
00:09:25]} {[%emt 00:08:27]} Ra8 {[%clk 00:07:21]} {[%emt 00:02:01]} 30. Kh2
{[%clk 00:05:30]} {[%emt 00:04:26]} Nf6 {[%clk 00:06:37]} {[%emt 00:01:13]} 31.
Rcc1 {[%clk 00:04:54]} {[%emt 00:01:06]} Rae8 {[%clk 00:04:57]} {[%emt
00:02:10]} 32. Nc5 {[%clk 00:03:37]} {[%emt 00:01:47]} Bxg4 {[%clk 00:04:22]}
{[%emt 00:01:06]} 33. Ne5 {[%clk 00:03:02]} {[%emt 00:01:05]} Bc8 {[%clk
00:01:56]} {[%emt 00:02:56]} 34. fxg5 {[%clk 00:03:27]} {[%emt 00:00:05]} Nh5
{[%clk 00:02:01]} {[%emt 00:00:24]} 35. g6 {[%clk 00:02:21]} {[%emt 00:01:36]}
fxg6 {[%clk 00:01:28]} {[%emt 00:01:04]} 36. Bxg6 {[%clk 00:01:59]} {[%emt
00:00:52]} Rxg6 {[%clk 00:01:23]} {[%emt 00:00:35]} 37. Nxg6+ {[%clk 00:02:27]}
{[%emt 00:00:01]} Kh7 {[%clk 00:01:35]} {[%emt 00:00:19]} 38. Ne5 {[%clk
00:02:32]} {[%emt 00:00:24]} Nf5 {[%clk 00:01:02]} {[%emt 00:01:04]} 39. Rf3
{[%clk 00:02:15]} {[%emt 00:00:46]} Rg8 {[%clk 00:00:43]} {[%emt 00:00:49]} 40.
Rg1 {[%clk 00:00:37]} {[%emt 00:02:09]} Rxg1 {[%clk 00:00:35]} {[%emt
00:00:38]} 41. Kxg1 {[%clk 00:01:05]} {[%emt 00:00:02]} Nhg3 {[%clk 00:28:31]}
{[%emt 00:02:34]} 42. Kh2 {[%clk 00:25:21]} {[%emt 00:06:14]} Ne4 {[%clk
00:28:09]} {[%emt 00:00:52]} 43. Nxe4 {[%clk 00:19:58]} {[%emt 00:05:53]} dxe4
{[%clk 00:28:32]} {[%emt 00:00:07]} 44. Rf4 {[%clk 00:20:12]} {[%emt 00:00:16]}
Nxe3 {[%clk 00:27:00]} {[%emt 00:02:02]} 45. Rxe4 {[%clk 00:15:38]} {[%emt
00:05:04]} Nf1+ {[%clk 00:24:59]} {[%emt 00:02:32]} 46. Kg2 {[%clk 00:15:52]}
{[%emt 00:00:16]} Nd2 {[%clk 00:25:15]} {[%emt 00:00:14]} 47. Re3 {[%clk
00:14:32]} {[%emt 00:01:49]} Be6 {[%clk 00:25:33]} {[%emt 00:00:13]} 48. Nc4
{[%clk 00:14:31]} {[%emt 00:00:31]} Bxc4 {[%clk 00:23:25]} {[%emt 00:02:38]}
49. bxc4 {[%clk 00:14:55]} {[%emt 00:00:06]} Nxc4 {[%clk 00:23:50]} {[%emt
00:00:04]} 50. Re7+ {[%clk 00:15:15]} {[%emt 00:00:10]} Kg6 {[%clk 00:24:16]}
{[%emt 00:00:05]} 51. Rxb7 {[%clk 00:15:38]} {[%emt 00:00:06]} Kf5 {[%clk
00:23:50]} {[%emt 00:00:56]} 52. Rc7 {[%clk 00:11:05]} {[%emt 00:05:04]} Nxb2
{[%clk 00:22:45]} {[%emt 00:01:34]} 53. Rxc6 {[%clk 00:11:29]} {[%emt
00:00:06]} Ke4 {[%clk 00:21:36]} {[%emt 00:01:39]} 54. Rxh6 {[%clk 00:10:19]}
{[%emt 00:01:41]} Kxd4 {[%clk 00:20:48]} {[%emt 00:01:18]} 55. Ra6 {[%clk
00:10:41]} {[%emt 00:00:07]} Ke5 {[%clk 00:20:39]} {[%emt 00:00:38]} 56. Rxa5+
{[%clk 00:10:21]} {[%emt 00:00:51]} Kf6 {[%clk 00:21:04]} {[%emt 00:00:05]} 57.
Ra6+ {[%clk 00:10:24]} {[%emt 00:00:28]} Kf7 {[%clk 00:18:04]} {[%emt
00:03:23]} 58. Kf3 {[%clk 00:10:03]} {[%emt 00:00:57]} Nd3 {[%clk 00:17:42]}
{[%emt 00:00:52]} 59. Kg4 {[%clk 00:10:23]} {[%emt 00:00:11]} Nf2+ {[%clk
00:16:27]} {[%emt 00:01:45]} 60. Kf5 {[%clk 00:10:40]} {[%emt 00:00:13]} Nxh3
{[%clk 00:15:34]} {[%emt 00:01:24]} 61. Ra7+ {[%clk 00:10:22]} {[%emt
00:00:48]} Ke8 {[%clk 00:15:27]} {[%emt 00:00:37]} 62. Ra2 {[%clk 00:10:47]}
{[%emt 00:00:05]} Kf7 {[%clk 00:15:14]} {[%emt 00:00:42]} 63. Kg4 {[%clk
00:11:13]} {[%emt 00:00:05]} Ng1 {[%clk 00:15:29]} {[%emt 00:00:15]} 64. Rg2
{[%clk 00:11:39]} {[%emt 00:00:05]} 1-0

[Event "Deutsche Ländermeisterschaft 2023"]
[Site "Hannover GER"]
[Date "2023.10.04"]
[Round "6"]
[White "Sydykov, Bayastan"]
[Black "Nechitaylo, Nikita"]
[Result "1/2-1/2"]
[Termination "normal"]
[Board "3.4"]
[WhiteElo "2059"]
[BlackElo "2139"]
[WhiteClock "00:07:03"]
[BlackClock "00:05:54"]
[WhiteTeam "Hessen"]
[BlackTeam "Niedersachsen"]
[PlyCount "111"]
[WhiteFideId "13829610"]
[BlackFideId "34138161"]
[EventCountry "GER"]
[EventRounds "7"]
[EventType "team-swiss"]
[EventDate "2023.09.30"]

1. e4 {[%clk 01:30:56]} {[%emt 00:00:02]} c5 {[%clk 01:30:56]} {[%emt
00:00:05]} 2. Nf3 {[%clk 01:31:13]} {[%emt 00:00:13]} d6 {[%clk 01:31:21]}
{[%emt 00:00:05]} 3. d4 {[%clk 01:31:21]} {[%emt 00:00:23]} cxd4 {[%clk
01:31:41]} {[%emt 00:00:10]} 4. Nxd4 {[%clk 01:31:43]} {[%emt 00:00:08]} Nf6
{[%clk 01:32:07]} {[%emt 00:00:04]} 5. Nc3 {[%clk 01:31:42]} {[%emt 00:00:31]}
Nc6 {[%clk 01:32:29]} {[%emt 00:00:08]} 6. Bg5 {[%clk 01:31:50]} {[%emt
00:00:21]} e6 {[%clk 01:32:26]} {[%emt 00:00:34]} 7. Bb5 {[%clk 01:31:39]}
{[%emt 00:00:41]} Bd7 {[%clk 01:31:59]} {[%emt 00:00:56]} 8. Qd3 {[%clk
01:31:39]} {[%emt 00:00:29]} Be7 {[%clk 01:27:34]} {[%emt 00:04:55]} 9. O-O-O
{[%clk 01:30:51]} {[%emt 00:01:19]} O-O {[%clk 01:26:26]} {[%emt 00:01:38]} 10.
Bxc6 {[%clk 01:26:43]} {[%emt 00:04:38]} bxc6 {[%clk 01:25:33]} {[%emt
00:01:22]} 11. Nb3 {[%clk 01:25:16]} {[%emt 00:01:57]} d5 {[%clk 01:23:53]}
{[%emt 00:02:11]} 12. e5 {[%clk 01:24:11]} {[%emt 00:01:35]} Ng4 {[%clk
01:23:11]} {[%emt 00:01:12]} 13. Bxe7 {[%clk 01:23:47]} {[%emt 00:00:54]} Qxe7
{[%clk 01:23:31]} {[%emt 00:00:09]} 14. Qd4 {[%clk 01:23:35]} {[%emt 00:00:43]}
Nh6 {[%clk 01:22:04]} {[%emt 00:01:57]} 15. f4 {[%clk 01:20:31]} {[%emt
00:03:34]} Rfb8 {[%clk 01:16:18]} {[%emt 00:06:16]} 16. a3 {[%clk 01:08:03]}
{[%emt 00:12:58]} a5 {[%clk 01:02:33]} {[%emt 00:14:14]} 17. Rd3 {[%clk
01:02:45]} {[%emt 00:05:48]} Bc8 {[%clk 00:46:00]} {[%emt 00:17:04]} 18. Nc5
{[%clk 00:52:17]} {[%emt 00:10:58]} a4 {[%clk 00:22:36]} {[%emt 00:23:54]} 19.
N3xa4 {[%clk 00:46:54]} {[%emt 00:05:53]} Rb5 {[%clk 00:17:33]} {[%emt
00:05:33]} 20. b4 {[%clk 00:42:01]} {[%emt 00:05:22]} Ba6 {[%clk 00:17:07]}
{[%emt 00:00:56]} 21. Nxa6 {[%clk 00:38:40]} {[%emt 00:03:51]} Rxa6 {[%clk
00:17:29]} {[%emt 00:00:08]} 22. Nc5 {[%clk 00:38:27]} {[%emt 00:00:42]} Nf5
{[%clk 00:15:24]} {[%emt 00:02:35]} 23. Qc3 {[%clk 00:37:10]} {[%emt 00:01:48]}
Ra8 {[%clk 00:14:16]} {[%emt 00:01:38]} 24. g3 {[%clk 00:36:21]} {[%emt
00:01:19]} Qd8 {[%clk 00:09:48]} {[%emt 00:04:57]} 25. Kd2 {[%clk 00:34:18]}
{[%emt 00:02:33]} h5 {[%clk 00:09:17]} {[%emt 00:01:01]} 26. Ke2 {[%clk
00:32:42]} {[%emt 00:02:06]} g5 {[%clk 00:07:06]} {[%emt 00:02:41]} 27. Qd2
{[%clk 00:28:45]} {[%emt 00:04:26]} g4 {[%clk 00:04:45]} {[%emt 00:02:51]} 28.
h3 {[%clk 00:26:06]} {[%emt 00:03:10]} Qe7 {[%clk 00:02:48]} {[%emt 00:02:28]}
29. hxg4 {[%clk 00:26:04]} {[%emt 00:00:32]} hxg4 {[%clk 00:03:12]} {[%emt
00:00:06]} 30. Kf1 {[%clk 00:24:30]} {[%emt 00:02:03]} Kg7 {[%clk 00:03:23]}
{[%emt 00:00:20]} 31. Kg2 {[%clk 00:19:20]} {[%emt 00:05:40]} Kg6 {[%clk
00:02:52]} {[%emt 00:01:01]} 32. Qe2 {[%clk 00:17:12]} {[%emt 00:02:37]} Nh6
{[%clk 00:03:14]} {[%emt 00:00:08]} 33. Nb3 {[%clk 00:11:25]} {[%emt 00:06:16]}
Rxa3 {[%clk 00:00:46]} {[%emt 00:02:58]} 34. Nd4 {[%clk 00:11:18]} {[%emt
00:00:38]} Qxb4 {[%clk 00:00:46]} {[%emt 00:00:30]} 35. Nxb5 {[%clk 00:09:12]}
{[%emt 00:02:36]} Qxb5 {[%clk 00:01:05]} {[%emt 00:00:12]} 36. Rb1 {[%clk
00:08:21]} {[%emt 00:01:20]} Qxb1 {[%clk 00:00:51]} {[%emt 00:00:44]} 37. Rxa3
{[%clk 00:08:49]} {[%emt 00:00:03]} Qb4 {[%clk 00:00:57]} {[%emt 00:00:23]} 38.
Ra6 {[%clk 00:08:14]} {[%emt 00:01:05]} c5 {[%clk 00:00:56]} {[%emt 00:00:31]}
39. Ra1 {[%clk 00:05:47]} {[%emt 00:02:56]} Qd4 {[%clk 00:00:36]} {[%emt
00:00:50]} 40. Rh1 {[%clk 00:04:27]} {[%emt 00:01:50]} c4 {[%clk 00:00:45]}
{[%emt 00:00:22]} 41. Rh4 {[%clk 00:02:52]} {[%emt 00:02:05]} Kg7 {[%clk
00:15:52]} {[%emt 00:15:23]} 42. Qe1 {[%clk 00:29:37]} {[%emt 00:03:45]} c3
{[%clk 00:06:55]} {[%emt 00:09:27]} 43. Qe2 {[%clk 00:23:34]} {[%emt 00:06:33]}
Qd2 {[%clk 00:06:49]} {[%emt 00:00:37]} 44. Kf2 {[%clk 00:22:20]} {[%emt
00:01:44]} Qd4+ {[%clk 00:06:29]} {[%emt 00:00:49]} 45. Kf1 {[%clk 00:20:17]}
{[%emt 00:02:33]} Qb6 {[%clk 00:06:23]} {[%emt 00:00:37]} 46. Rxg4+ {[%clk
00:14:25]} {[%emt 00:06:21]} Nxg4 {[%clk 00:06:39]} {[%emt 00:00:14]} 47. Qxg4+
{[%clk 00:14:54]} {[%emt 00:00:02]} Kf8 {[%clk 00:06:57]} {[%emt 00:00:12]} 48.
Qe2 {[%clk 00:14:22]} {[%emt 00:01:01]} Qd4 {[%clk 00:07:11]} {[%emt 00:00:15]}
49. Qf2 {[%clk 00:14:09]} {[%emt 00:00:44]} Qd1+ {[%clk 00:06:04]} {[%emt
00:01:37]} 50. Kg2 {[%clk 00:14:32]} {[%emt 00:00:07]} Qd2 {[%clk 00:06:19]}
{[%emt 00:00:15]} 51. Kf3 {[%clk 00:13:58]} {[%emt 00:01:05]} Qd1+ {[%clk
00:06:43]} {[%emt 00:00:06]} 52. Qe2 {[%clk 00:10:57]} {[%emt 00:03:31]} Qh1+
{[%clk 00:06:05]} {[%emt 00:01:06]} 53. Kg4 {[%clk 00:09:24]} {[%emt 00:02:05]}
Qh7 {[%clk 00:05:15]} {[%emt 00:01:18]} 54. Kf3 {[%clk 00:07:00]} {[%emt
00:02:55]} Qh1+ {[%clk 00:05:35]} {[%emt 00:00:10]} 55. Kg4 {[%clk 00:06:40]}
{[%emt 00:00:50]} Qh7 {[%clk 00:05:54]} {[%emt 00:00:10]} 56. Kf3 {[%clk
00:07:03]} {[%emt 00:00:08]} 1/2-1/2